Statistiques concernant Harry Potter: le Gobelbabil

Cliquez ici pour prendre le quiz!

Statistiques générales

  • Ce quiz a été pris 13 fois
  • Le résultat moyen est 3 sur 8

Statistiques - réponses

InformationRéponses% Correct
Première apparitionHarry Potter et la Coupe de Feu
75%
Dernière apparitionHarry Potter et les Reliques de la Mort
75%
Humain la pratiquantAlbus Dumbledore
67%
UtilisationLangue des gobelins
50%
Humain la pratiquantBarty Croupton
25%
TraductionPioche
17%
Mot connuBladvak
8%
Humain la pratiquantDirk Cresswell
8%

Distribution des résultats

Percentile par nombre de réponses

% des personnes avec chaque résultat

Votre développement - résultats

Vous n’avez pas pris ce quiz